000 00293nam a22001337a 4500
008 170929b xxu||||| |||| 00| 0 eng d
020 _a9781558530188
041 _aeng
080 _a37
100 _a47
101 _aEDU
245 _aA FATHER'S BOOK OF WISDOM
_cBROWN,H,J
942 _2udc
_cBK
999 _c30853
_d30853